000 00858cam a2200253 a 4500
001 000041476
005 20201002034926.0
008 860123s1986 pr a b 000 0 spa
020 _a0940238861 (pbk.)
040 _aDO-SdBNP
_cspa
_dBNPHU
082 _a972.95
_bP598h
100 1 _aPicó, Fernándo.
_916158
245 1 0 _aHistoria general de Puerto Rico /
_cFernándo Picó.
250 _a2a ed. rev. y aum.
260 _aRío Piedras, Puerto Rico :
_bHuracán,
_c1986.
300 _a288 p. :
_bil. ;
_c23 cm.
490 1 _aHuracán academia
504 _aIncluye referencias bibliográficas y notas al pie de las páginas
504 _aBibliografía : p. 281-288
651 4 _aPuerto Rico
_xHistoria
_91079
651 4 _aPuerto Rico
_xCondiciones Económicas
_916159
651 4 _aPuerto Rico
_xEsclavitud
_916160
830 0 _aHuracán academia
_916161
999 _c40966
_d40966